Estudio sobre el tratado de neutralidad del Canal de Panamá de 1977 /
保存先:
| 第一著者: | |
|---|---|
| フォーマット: | テキスト |
| 主題: | |
| タグ: |
タグ追加
タグなし, このレコードへの初めてのタグを付けませんか!
|
MARC
| LEADER | 00000 a a2200000 04500 | ||
|---|---|---|---|
| 001 | 9427 | ||
| 003 | |||
| 040 | |||
| 100 | |a Vega Reyes, Víctor | ||
| 245 | |a Estudio sobre el tratado de neutralidad del Canal de Panamá de 1977 / |c Víctor Vega Reyes | ||
| 650 | |a TRATADOS | ||
| 650 | |a CANAL DE PANAMA | ||
| 650 | |a PANAMA | ||
| 650 | |a ESTADOS UNIDOS | ||
| 773 | |g número 473 -474; páginas 145-159 | ||
| 999 | |c 38623 |d 38623 | ||
